Random Order: Capitals of Africa - Statistics

General Stats
  • This quiz has been taken 1,306 times
    1,058 since last reset
  • The average score is 42 of 54
Answer Stats
Country Capital % Correct
South Africa Pretoria
91%
Egypt Cairo
90%
Algeria Algiers
89%
Tunisia Tunis
89%
Kenya Nairobi
88%
São Tomé and Príncipe São Tomé
88%
Djibouti Djibouti
87%
Libya Tripoli
87%
Ethiopia Addis Ababa
86%
Morocco Rabat
86%
Guinea-Bissau Bissau
85%
Nigeria Abuja
83%
Senegal Dakar
83%
Sierra Leone Freetown
83%
Somalia Mogadishu
83%
Ghana Accra
82%
Democratic Republic of the Congo Kinshasa
82%
Seychelles Victoria
82%
Republic of the Congo Brazzaville
81%
Zimbabwe Harare
81%
Sudan Khartoum
81%
Namibia Windhoek
81%
Madagascar Antananarivo
80%
South Sudan Juba
80%
Angola Luanda
79%
Burkina Faso Ouagadougou
79%
Uganda Kampala
78%
Rwanda Kigali
78%
Eritrea Asmara
77%
Togo Lomé
77%
Liberia Monrovia
77%
Niger Niamey
77%
Tanzania Dodoma
76%
Zambia Lusaka
76%
Benin Porto-Novo
76%
Botswana Gaborone
75%
Mauritius Port Louis
75%
Cape Verde Praia
75%
Cameroon Yaoundé
75%
Chad N'djamena
74%
Mozambique Maputo
73%
Guinea Conakry
72%
Malawi Lilongwe
72%
Lesotho Maseru
72%
Burundi Gitega
71%
Gabon Libreville
71%
Mauritania Nouakchott
71%
Ivory Coast Yamoussoukro
71%
Comoros Moroni
70%
Mali Bamako
69%
Gambia Banjul
69%
Eswatini Mbabane
69%
Central African Republic Bangui
68%
Equatorial Guinea Malabo
65%
No matching quizzes found
Score Distribution
Percent of People with Each Score
Percentile by Number Answered
Your Score History
You have not taken this quiz since the last reset